Name The Taylor Swift Album From The Song - Statistics

General Stats
  • This quiz has been taken 67 times
  • The average score is 13 of 13
Answer Stats
Hint Answer % Correct
Bad Blood 1989
100%
tolerate it evermore
100%
mad woman folklore
100%
Cruel Summer Lover
100%
Don't Blame Me reputation
100%
Last Kiss Speak Now
100%
You're On Your Own, Kid Midnights
98%
I'm Only Me When I'm With You Taylor Swift
98%
happiness evermore
96%
State Of Grace Red
96%
New Year's Day reputation
96%
The Bolter The Tortured Poets Department
96%
You're Not Sorry Fearless
95%
No matching quizzes found
Score Distribution
Percent of People with Each Score
Percentile by Number Answered
Your Score History
You have not taken this quiz